|
|
|
|
| LEADER |
00698cam a2200193 7i4500 |
| 001 |
0000019170 |
| 005 |
20070416090000.0 |
| 090 |
0 |
0 |
|a M 338.4791025
|b TEL
|
| 110 |
2 |
0 |
|a Telekom Malaysia company (TM)
|
| 245 |
2 |
0 |
|a Malaysia tourist pages 2007.
|
| 260 |
0 |
0 |
|a Kuala Lumpur:
|b Telekom Publication,
|c 2007.
|
| 300 |
# |
# |
|a 179 p.
|
| 650 |
0 |
0 |
|a Travel --
|z Malaysia
|
| 650 |
0 |
0 |
|a Tourism --
|z Malaysia
|
| 650 |
0 |
0 |
|a Telephone directories --
|x Yellow pages --
|z Malaysia
|
| 651 |
0 |
0 |
|a Malaysia
|
| 999 |
|
|
|a SRW000072H
|b Directories
|c Malaysia
|e MATRADE Sarawak
|
| 999 |
|
|
|a PNG000666H
|b Directories
|c Malaysia
|e MATRADE Northern Regional Office
|
| 999 |
|
|
|a JHR000022H
|b Directories
|c Malaysia
|e MATRADE Southern Regional Office
|